[Event "Hotel Agro GM"]
[Site "Budapest"]
[Date "1999.08.06"]
[Round "8"]
[White "Gross, David"]
[Black "Tolnai, Tibor"]
[Result "1-0"]
[WhiteElo "2465"]
[BlackElo "2514"]
[Annotator "Ribli,Z"]
[PlyCount "62"]
[EventDate "1999.08.05"]
[EventType "tourn"]
[EventRounds "9"]
[EventCountry "HUN"]
[EventCategory "10"]
[SourceTitle "CBM 073"]
[Source "ChessBase"]
[SourceDate "1999.12.01"]
[SourceVersion "1"]
[SourceVersionDate "1999.12.01"]
[SourceQuality "1"]

{[%mdl 576]} 1. e4 c5 2. Nf3 e6 3. d4 cxd4 4. Nxd4 a6 5. Nc3 Qc7 {Dieser
Damenzug wird weniger gespielt als die scharfe Fortsetzung 5...b5. Ribli.} 6.
f4 {Die prinzipielle Fortsetzung wäre 6.Bd3. Ribli.} b5 (6... Bb4 7. Qf3 Ne7 (
7... Nf6 8. Bd2 d6 9. a3 $14) 8. Bd2 Nbc6 9. Nxc6 bxc6 10. e5 Nf5 11. Bd3 Bb7
12. Ne4 $14) (6... Nc6) 7. Bd3 Bb7 8. Qe2 {Das ist das natürliche Feld für die
Dame.} (8. Qf3 Nf6 9. Be3 Nc6 10. g4 $13) 8... d6 (8... Nc6 9. Nb3 (9. Be3 Nxd4
10. Bxd4 Qxf4 11. Rf1 Qxh2 12. O-O-O Qc7 13. Nd5 exd5 14. exd5+ Ne7 15. Be5 d6
{0-1 Blagojevic,S-Vadla,Z/Zagreb 1997/EXT 99 (15)}) 9... d6 10. Be3 Nf6 11. a4
b4 12. Nd1 Na5 13. Nf2 d5 14. e5 Nd7 15. O-O Nc4 16. Bd4 g6 17. Ng4 a5 {
1/2-1/2 Sax,G-Afifi,A/Cairo 1998/EXT 99 (50)}) 9. Bd2 {In dieser Variante
steht der Läufer besser auf d2 als auf e3.} (9. O-O Nf6 10. Kh1 Nbd7 11. Bd2 (
11. Nf3 b4 12. Nd1 Be7 13. e5 dxe5 14. fxe5 Nd5 15. Nf2 h6 16. Bd2 Rc8 17. Rae1
Nc5 18. Ne4 Nxd3 19. cxd3 O-O 20. Rc1 Qd7 {1/2-1/2 Lau,R-Bischoff,K/
Baden-Baden 1990/GER (20)}) 11... Be7 12. Rae1 b4 13. Na4 Nc5 14. Nxc5 dxc5 15.
Nb3 c4 $1 16. Bxc4 Nxe4 17. f5 exf5 18. Rxf5 O-O 19. Bf4 $2 (19. Bd5 $142 Bxd5
20. Rxd5 $10) 19... Bd6 20. Qf1 Rae8 21. Rd1 $2 g6 $19 22. Rf6 Be5 $1 23. Bxe5
Rxe5 24. Rf4 Rh5 {0-1 Dvoirys,S-Ribli,Z/Bayern 1992/CBM 33/[Blatny,P] (24)})
9... Nd7 {Schwarz entwickelt (noch) nicht den Königsspringer, aber ich glaube,
das wäre die bessere Möglichkeit. Der Springer steht zwar elastisch auf d7,
aber das Problem ist, dass Weiss sofort direkten Angriff bekommt.} (9... Nf6
10. a3 Be7 11. O-O-O Nc6 12. Nxc6 Bxc6 13. Rhe1 O-O 14. g4 Rfc8 15. h4 Nd7 16.
g5 Bf8 17. h5 Nc5 18. Rg1 Rab8 19. g6 fxg6 20. Rxg6 b4 21. axb4 Rxb4 22. Rdg1
Qb7 23. Nd1 Ra4 {0-1 Gross,D-Bischoff,K/Munich 1996/EXT 99 (32)}) 10. f5 $1 {
Weiss nutzt seine Möglichkeit.} (10. a4 bxa4 11. Nxa4 Ngf6 12. O-O Be7 13. c4
O-O 14. Kh1 Rab8 15. Rae1 Nc5 16. Nxc5 dxc5 17. Nf3 Nd7 18. e5 g6 19. Bc3 Nb6
20. b3 Nc8 21. Bc2 Na7 22. Rd1 Rfd8 23. Rxd8+ Rxd8 24. Rd1 Rxd1+ 25. Qxd1 Nc6 {
0-1 Rytshagov,M-Portisch,L/Debrecen 1992/EU-chT (57)}) 10... e5 (10... Nc5 11.
b4 (11. fxe6 fxe6 12. O-O $14) 11... Nxd3+ 12. cxd3 e5 13. Nb3 $14) 11. Nd5 {
[%csl Gd5]} (11. Nf3 Ngf6 $11) 11... Bxd5 (11... Qb8 12. Ne6 $40 fxe6 13. Qh5+
g6 (13... Kd8 14. Ba5+ $18) 14. fxg6 $18) 12. exd5 {[%cal Ge2e8]} Nc5 (12...
Ne7 13. Nb3 $36 {[%cal Ga2a4]}) 13. a4 $13 Nxd3+ $6 {Es wäre meines Erachtens
besser, mit diesem Zug zu warten.} (13... bxa4 $5) (13... Nxa4 $2 14. Nxb5 axb5
15. Bxb5+ $18 {[%cal Rb5a4,Rb5e8]}) 14. cxd3 {[%cal Ga1c1,Gc1c7]} Qc5 {[%cal
Rc5d5,Rc5d4] Schwarz gewinnt einen Bauern, aber Weiss hat grossen
Entwicklungsvorsprung.} 15. Nf3 (15. Nc6 Qxd5 16. Nb4 Qb7 (16... Qc5 17. Qe4
$44) 17. d4 $44) 15... Qxd5 16. d4 $44 {[%cal Ge2b5,Ga1a8,Ge2e8] Weiss hat
eine sehr aktive Stellung für den Bauern.} e4 17. Ng5 $5 {[%csl Re4]} (17. axb5
Be7 $15 {[%csl Rf3]}) 17... Nf6 18. axb5 h6 (18... a5 19. O-O $13) 19. Nh3 {
[%cal Gh3f4]} a5 (19... Qxd4 20. Bc3 $44) (19... Qxf5 20. bxa6 $36) 20. Nf4
Qxf5 21. O-O {[%cal Gf1f5,Ge2e8] Weiss hat wieder einen Bauern weniger, aber
der schwarze König steht in der Mitte unsicher, ebenso wie die Dame auf f5.} d5
$6 (21... Be7 $5 $13 {Ich empfehle, so schnell wie möglich die Entwicklung zu
beenden.}) 22. b6 {[%cal Re2b5,Rb5e8]} Qd7 (22... Bd6 23. b7 Rb8 24. Rxa5 $36)
23. b4 {[%cal Rb4a5,Ga1a8]} a4 24. Nh5 $1 {Weiss oöffnet die f-Linie und
möchte den Springer f6 tauschen, wonach der d5-Bauer schwach wird.} Nxh5 (24...
Qc6 25. Nxf6+ gxf6 26. Qh5 $40) 25. Qxh5 Bd6 26. Qf5 $1 (26. Rf5 $2 g6 27. Re5+
Kf8 28. Bxh6+ Kg8 $19) (26. Qxd5 $4 Bxh2+ $19) 26... Qb7 $6 (26... Rf8 $5 $13)
(26... Qxf5 27. Rxf5 {[%csl Rd5][%cal Rf5d5]} Ke7 $13) 27. Ra3 {[%cal Ga3h3]}
Rd8 (27... O-O 28. Bxh6 $1 gxh6 29. Qg4+ Kh7 30. Rf6 $18 {[%csl Rh7] Es droht
31.Rxh6+ Kxh6 32.Rh3#.}) 28. Rxa4 O-O $6 {Schwarz hat keine Angst vor dem
weissen Angriff, aber das ist ein Fehler.} (28... Bb8 $5 $11) 29. Bxh6 $1 $40
gxh6 $2 {Schwarz spielt automatisch und schlecht. Der Partiezug führt zu
siegreichem weissen Angriff.} (29... Qxb6 $1 {[%cal Rb6d4,Rd4g1,Gd4g7,Gb6h6]}
30. Bxg7 Bxh2+ $1 {[%cal Gb6h6]} (30... Kxg7 $2 31. Qf6+ Kg8 32. Rf4 Qxd4+ 33.
Qxd4 Bxf4 $18) 31. Kxh2 Kxg7 $11) 30. Qg4+ Kh7 (30... Kh8 31. Rf6 $18 {[%csl
Rh8][%cal Rf6h6,Rh6h8]}) 31. Ra7 $18 {[%csl Rb7,Rf7,Rh7][%cal Ra7h7] Schwarz
hat eine Figur mehr, aber das zählt nicht. Der weisse Angriff ist entscheidend.
} Bxh2+ {Und Schwarz gab gleichzeitig auf. Sein König befindet sich im
Mattnetz.} (31... Bxh2+ 32. Kh1 $18) 1-0

[Event "Interzonal-14c"]
[Site "Zagreb"]
[Date "1987.??.??"]
[Round "3"]
[White "Ehlvest, Jaan"]
[Black "Eingorn, Vereslav S"]
[Result "1-0"]
[WhiteElo "2540"]
[BlackElo "2575"]
[Annotator "Ribli,Z"]
[PlyCount "57"]
[EventDate "1987.08.01"]
[EventType "tourn"]
[EventRounds "17"]
[EventCountry "YUG"]
[EventCategory "12"]
[SourceTitle "CBM 004"]
[Source "ChessBase"]
[SourceDate "1988.06.01"]
[SourceVersion "1"]
[SourceVersionDate "1988.06.01"]
[SourceQuality "1"]

1. e4 c5 2. Nf3 e6 3. d4 cxd4 4. Nxd4 a6 5. Nc3 Qc7 6. Bd3 Nf6 7. Bg5 $5 (7.
O-O) 7... Be7 8. f4 d6 9. Nf3 (9. O-O $5) 9... Nc6 10. Qe2 (10. Qd2 $142) 10...
h6 11. Bh4 Nh5 $1 12. Qd2 $8 (12. g3 $2 g5 13. fxg5 hxg5 14. Nxg5 Bxg5 15. Bxg5
Nxg3 $19) 12... Nxf4 $6 (12... e5 13. Nd5 Bxh4+ 14. Nxh4 Qd8 15. Nf3 Nxf4 $10)
13. Qxf4 g5 14. Nxg5 hxg5 15. Bxg5 Ne5 16. Bf6 Rg8 17. O-O-O $14 Rxg2 $2 (17...
Bxf6 18. Qxf6 Qe7 19. Qf2 Bd7 $14) 18. Rdg1 Ng6 19. Qf3 Rxg1+ 20. Rxg1 Bxf6 21.
Qxf6 Qe7 22. e5 $1 $18 dxe5 (22... Nxe5 23. Qh8+ Kd7 24. h4 $1 Kc7 25. Ne4 b5
26. Rg8) 23. Qg7 Bd7 (23... Qf8 24. Rxg6 $1) (23... Qc5 24. Rd1 $1) 24. Bxg6
fxg6 25. Qg8+ Qf8 26. Qxg6+ Qf7 27. Qg8+ Qf8 28. Qg6+ Qf7 29. Qg5 1-0

[Event "Tel Aviv ASA"]
[Site "Tel Aviv"]
[Date "1995.??.??"]
[Round "3"]
[White "Sutovsky, Emil"]
[Black "Manor, Ilan"]
[Result "1-0"]
[WhiteElo "2530"]
[BlackElo "2500"]
[Annotator "Ribli,Z"]
[PlyCount "67"]
[EventDate "1995.??.??"]
[EventType "tourn"]
[EventRounds "9"]
[EventCountry "ISR"]
[EventCategory "10"]
[SourceTitle "CBM 050"]
[Source "ChessBase"]
[SourceDate "1996.02.01"]
[SourceVersion "1"]
[SourceVersionDate "1996.02.01"]
[SourceQuality "1"]

1. e4 c5 2. Nf3 e6 3. Nc3 a6 4. d4 cxd4 5. Nxd4 Qc7 6. g3 Bb4 7. Bd2 Nc6 8. Nb3
(8. Nxc6 dxc6 9. Qg4 Bf8 $1 10. f4 Nf6 11. Qf3 e5 12. f5 b5 13. g4 Bb7 14. g5
Nd7 15. Nd1 O-O-O 16. Nf2 Kb8 17. Be2 h6 $13 {Kudrin-Miles,A/Manchester/1982/
INF34,(232)/}) 8... Nf6 9. Bg2 Be7 10. f4 d6 11. a4 b6 12. O-O Bb7 (12... O-O
13. Qe2 Rb8 14. g4 Ne8 15. g5 f6 16. Kh1 g6 17. f5 $1 $36 {London,D-Frias,V/
New York op/1989/CBM12/}) 13. g4 $5 {Mit dieser Neuerung will Weiss sofort den
schwarzen Koenig angreiffen.} (13. Kh1 h5 14. h3 Nd7 15. Qe2 Na5 $5 16. Rae1
Rc8 17. Nd4 Bf6 $13 {Semeniuk,A-Tunik,G/Kuibishev/1990/CBM21/}) 13... g5 $6 {
Schwarz ist bereit einen Bauern zu opfern. Er hofft eine sehr starke
positionelle Kompensation zu erhalten: das Feld e5 fuer seinen Springer.} (
13... O-O 14. g5 Nd7 15. f5 Rfe8 $13 (15... Nde5 16. f6 Bd8 17. Qh5 $36)) 14.
e5 $1 {Dieser starke Gegenschlag ist schon bekannt (z.B. Najdorf Bg5 Variante).
} (14. fxg5 $6 Nd7 $44 {/\ Nde5,0-0-0,Rdg8}) 14... dxe5 15. fxg5 Nd7 16. Ne4 {
Schwarz wollte mit seinem Bauernopfer einen solchen Riesenspringer erhalten,
aber den erhaelt Weiss ebenfalls, nur ohne Bauernopfer.} Rf8 (16... Nd4 $5 17.
Nxd4 exd4 18. Qf3 (18. Bf4 e5 19. Bg3 $36) 18... Ne5 19. Qg3 (19. Nf6+ Bxf6 20.
Qxb7 (20. Qxf6 Bxg2 $13) 20... Qxb7 21. Bxb7 Ra7 22. Be4 Be7 $13) 19... Bxe4
20. Bxe4 Rd8 21. Bf4 Bd6 22. Rae1 $14) 17. a5 $1 b5 $6 (17... Nd4 18. axb6 Nxb6
(18... Qxb6 19. Be3 $14) 19. Nxd4 exd4 20. Ba5 $14) 18. c3 $1 $16 {Die gut
postierten weissen Springer kontrollieren die wichtigen Punkte c5,d6 und f6.
Schwarz ist positionell ueberspielt.} Nd8 19. Be3 Bc6 (19... Bd5 20. Nf6+ $5
Bxf6 (20... Nxf6 21. gxf6 $18) 21. Bxd5 exd5 22. Qxd5 Qc6 23. Qxc6 Nxc6 24.
gxf6 $16) 20. Qf3 {Droht /\ Qh3 >< h7} h6 $2 {Ich verstehe dieser Zug nicht.
Der Nachziehende "opfert" wieder einen Bauern und schenkt dem Weissen damit
einen gefaerhlichen Freibauern (!!).} (20... Bd5 21. Nbd2 Nb7 22. Qh3 O-O-O 23.
Qxh7 $16) 21. gxh6 Bd5 (21... f5 $2 22. gxf5 exf5 23. Qh5+ $18) 22. Nbd2 Nb7
23. h7 O-O-O 24. Bh6 $1 Rh8 (24... f5 25. Bxf8 Rxf8 26. gxf5 exf5 27. Qh5 $18)
25. Qxf7 {Schwarz ist hilflos.} Ndc5 26. Be3 Nd6 27. Nxd6+ Bxd6 28. Qxc7+ Kxc7
29. b4 Nd7 30. Rf7 Kc6 31. Ne4 Bb8 32. Bg5 Rdf8 33. Raf1 Rxf7 34. Rxf7 {
Schwarz kann jetzt bitter sagen: "Wer Wind saet, wird Sturm ernten."} 1-0

[Event "Helsingor Jubilee"]
[Site "Helsingor"]
[Date "1999.10.19"]
[Round "1"]
[White "Hector, Jonny"]
[Black "Hansen, Curt"]
[Result "0-1"]
[WhiteElo "2505"]
[BlackElo "2607"]
[Annotator "Ribli,Z"]
[PlyCount "108"]
[EventDate "1999.10.19"]
[EventType "tourn"]
[EventRounds "6"]
[EventCountry "DEN"]
[EventCategory "13"]
[SourceTitle "CBM 074"]
[Source "ChessBase"]
[SourceDate "2000.02.01"]
[SourceVersion "1"]
[SourceVersionDate "2000.02.01"]
[SourceQuality "1"]

{[%mdl 4100]} 1. e4 {Hansen,SB} c5 2. Nc3 e6 3. Nf3 a6 4. d4 cxd4 5. Nxd4 Qc7 {
Hansen,SB: 'At the moment the enhanced Kveinys variation is all the rage. But
offcourse this is a very flexible system for black.' Das ist eine elastische
Fortsetzung, die in vielen Varianten nützlich ist. Schwarz entscheidet noch
nicht seine folgende Entwicklung - er kann b5 oder Nc6 oder Bc5 ziehen.} 6. Bd3
{Hansen,SB: 'In my opinion the most testing response.'} Nf6 (6... Nc6 7. Nxc6
dxc6 {Das ist eine andere Hauptvariante, welche sehr populär ist in der
letzten Zeit.}) 7. O-O Bc5 {Hansen,SB: 'A now very common manouvre in the
sicilian. Ever Since black realised that he actually wins half a tempo instead
of losing one - The knight is not very active on the queenside - this has been
tried in diffent settings (Bc5 or Qb6).'  Der Läufer verlässt den Königsflügel,
was gefährlich wäre, aber im nächsten Zug geht nach e7.} 8. Nb3 (8. Be3 {
[%cal Gc5e3] Nach diesem Zug ist der d4N gefesselt und wenn er zieht, muss
Weiss mit dem Läufertausch rechnen.} O-O 9. Qe2 b5 10. Nb3 Be7 11. f4 d6 12.
Bf2 Bb7 13. e5 Nd5 14. Nxd5 Bxd5 15. Rae1 Nc6 16. c3 g6 17. Kh1 Rad8 18. Bg3
Qb7 19. Nc1 Rd7 {1/2-1/2 Tiviakov,S-Agrest,E/Corsica Rapid, Bastia FRA 1997 
(24)}) 8... Be7 {Hat Schwarz ein Tempo verloren oder gewonnen? Es ist wahr,
dass er spielte 7...Bc5 und 8...Be7, aber der weisse Springer steht gewöhnlich
passiver auf b3 als auf d4.} 9. Qe2 {Diese Fortsetzung ist weniger gespielt
worden, aber im folgenden kann Weiss mit 10.f4 die Hauptvariante spielen.} (9.
f4 {Dieser Zug ist die wirkliche Frage.} d6 10. a4 $5 (10. Qf3 Nbd7 11. Bd2 (
11. g4 h6 12. h4 g6 13. g5 hxg5 14. hxg5 Nh5 15. Be3 b6 16. e5 Bb7 17. exd6
Bxf3 $5 18. dxc7 Bb7 19. Be4 Bxe4 20. Nxe4 Rc8 21. Rad1 Rxc7 22. Rf2 $1 Rc4 $1
$132 {0-1 Hjartarson,J-Agrest,E/Stockholm 1996 (40)}) (11. Kh1 b6 $5 12. Bd2
Bb7 13. Rae1 g6 14. Qg3 h6 $5 $146 15. Re2 $6 O-O-O 16. a4 Kb8 17. Na2 Nc5 {
0-1 Roth,P-Chernin,A/Vienna Bawag 1996 (30)}) 11... b6 12. Rae1 (12. Qg3 g6 13.
e5 Nh5 14. Qf3 Bb7 15. exd6 Bxd6 16. Be4 O-O-O 17. Bxb7+ Qxb7 18. Ne4 Be7 19.
Bc3 Nhf6 20. Rae1 Rhf8 {Akopian,V-Kamsky,G/Palma de Mallorca GMA 1989/0-1 (69)}
) 12... Bb7 {[%cal Gb7g2]} 13. Qh3 {[%csl Re8,Gh3]} (13. Qg3 g6 14. Qh3 b5 15.
f5 gxf5 16. exf5 e5 17. Rf2 Rg8 $40 {Tilak,S-Emms,J/London Lloyds/1994/EXP43/})
13... e5 $1 $13 14. Kh1 O-O {1/2-1/2 Tiviakov,S-Kudrin,S/Beijing 1998/CBM 66/
[Ribli] (36)}) (10. Be3 Nbd7 11. Qf3 b5 (11... b6 $5) 12. a4 b4 13. Na2 Bb7 14.
Bd2 d5 15. e5 Ne4 16. Bxe4 dxe4 17. Qe3 {1/2-1/2 Khachian,M-Yakovich,Y/Open,
Cappelle la Grande FRA 1999 (64)}) 10... Nc6 11. Be3 Nb4 12. a5 Nd7 13. Qd2
Nxd3 14. cxd3 O-O 15. Rac1 Qd8 16. Na4 Nf6 17. Nb6 Rb8 18. h3 Bd7 19. Nd4 Be8
20. Rc2 $14 {Kindermann,S-Vidarsson,J/VISA GP 1998/1-0 (45)}) 9... d6 10. Bg5
$6 {Hansen,SB: 'White mixes his plans. In general the Bishop sortie to g5 is
only played for one of the following reasons 1)Together with
queenside-castling (the bishop had to move to prepare for castling) where it
put pressure directly on the h4-d8 diagonal and indirect pressure together
with the d1-rook on the d6-pawn. 2)To pressurize in the centre and saddle
black with a doublepawn (f6). None of these criterias are met here so the
bishop just becomes a tactical weakness.'  Dieser Zug ist gewöhnlich nicht so
gefährlich in der Paulsen Variante. Der f6N ist gut verteidigt mit dem Läufer,
so ist der weisse Zug weniger effektiv.} (10. f4 Nc6 11. a4 b6 12. Bd2 (12. Be3
O-O 13. Kh1 Nd7 14. Nd4 Nc5 15. Bg1 Bb7 16. Qh5 g6 17. Qh6 Bf6 18. Nf3 Bg7 19.
Qh3 Nb4 20. Nd4 e5 {1/2-1/2 Thinius,M-Beilfuss,W/BL9293 1993/GER-chT (20)})
12... O-O 13. Rae1 g6 14. e5 Nd7 15. f5 Ncxe5 16. fxe6 fxe6 17. Be4 Rb8 18. Nd4
Nf6 $13 {0-1 Rodriguez,B-Cramling,P/Ponferrada 1992/EXT 97 (46)}) 10... b5 11.
Rae1 (11. a3 Bb7 12. Rad1 $5 {mit der Absicht:} Z0 13. Bxf6 Bxf6 14. Bxb5+ axb5
15. Nxb5) 11... Nc6 12. a3 (12. f4 h6 {Nach diesem Zug wir sehen der Nachteil
des Zugs 10.Bg5..} 13. Bxf6 (13. Bh4 Nxe4 14. Nxb5 axb5 15. Bxe7 Rxa2 $15)
13... Bxf6 $15) 12... Bb7 $11 {Schwarz hat eine bequeme Stellung - er hat
keine Entwicklungsprobleme und der gegnerische Springer auf b3 steht passiv.}
13. Kh1 {Hansen,SB: 'White is playing a bit passively but '} (13. f4 {Dieser -
auf ersten Blick natürlicher Zug - ist bei der g5-Läuferstellung wieder nicht
gefährlich für Schwarz.} h6 14. Bxf6 (14. Bh4 Nxe4 {Hansen,SB: 'Shows his
problems with the bishop.'} 15. Nxb5 axb5 16. Bxe7 Nxe7 17. Bxe4 Bxe4 18. Qxe4
O-O $15 {[%cal Ga8a4,Gc7c2]}) 14... Bxf6) 13... Ne5 14. Nd4 (14. f4 Nxd3 15.
cxd3 h6 $11) 14... O-O {Hansen,SB: 'It's normally a very good sign for black
when he can wait with castling until it's safe.'} 15. Bc1 $6 {Hansen,SB:
'Something of an admission!' Dies bedeutet, dass 10.Bg5 nicht die beste
Fortsetzung für Weiss war.} (15. f4 Nxd3 16. cxd3 h6 $11) 15... d5 {'=/+'
Hansen,SB. Wenn Schwarz diesen Zug in der Sizilianischen Verteidigung
ausführen kann, steht er für gewöhnlich mindestens gleich.} 16. exd5 (16. Bf4
Bd6 17. exd5 Nxd3 18. Bxd6 Qxd6 $11) 16... Nxd3 17. cxd3 Rad8 $1 {[%csl Rd4]
[%cal Gd8d3] Dieser starke Zwischenzug ist der Schlüssel in der schwarzen
Stellung - er gewinnt den Bauern zurück und übt Druck in der d-Linie aus.} (
17... Nxd5 $2 18. Nxe6 fxe6 19. Qxe6+ $18 {[%cal Re6d5,Re6g8]}) 18. Nf5 (18.
Nxe6 $2 fxe6 19. dxe6 Rd4 $17 {[%cal Rd4h4,Rh4h2]}) 18... Nxd5 (18... exf5 $6
19. Qxe7 Rd7 20. Qe5 $14) 19. Nxd5 Rxd5 20. Bf4 (20. Nxe7+ Qxe7 $15) 20... Qd7
(20... Qxf4 $2 21. Nxe7+ $16 {[%csl Ge7][%cal Re7d5,Re7g8]}) 21. Nxe7+ Qxe7 $15
{Hansen,SB: 'Status after the early middlegame: black is slightly better he
has the better pawnstructure 2 pawn-islands versus 3 and white has an isolated
and weak d-pawn. The opposite-coloured bishops are only a help for the
attacker in these positions so the initiative will be very important.' 
Schwarz hat die bessere Bauernstruktur und einen starken Läufer auf b7.} 22.
Rc1 {[%cal Gc1c7,Gc7e7,Gc7b7]} Qf6 {[%cal Rf6f4,Gf6b2]} 23. Bg3 h5 $1 {[%csl
Rh1][%cal Rh5h4,Rh4h3] Schwarz hat das bessere Figurenspiel und Angriff am
Königsflügel. Es droht 24...h4 und der Marsch des h-Bauern.} 24. Rc7 Ba8 25. h4
(25. h3 $6 Qf5 $17 {[%csl Rd3,Rh1][%cal Gf5h3]}) 25... Qg6 {[%csl Rd3][%cal
Rg6d3,Ga8h1]} 26. Rfc1 $6 {Die passive Verteidigung des d3-Bauern sieht nicht
gut aus, wäre jedoch besser als das Bauernopfer.} (26. Rd1 Rfd8 $15) 26... Rxd3
$17 27. Rc8 (27. R1c5 Bd5 $17) 27... Rdd8 28. Rxd8 Rxd8 {Hansen,SB: 'Black won
a pawn, what is more important is that he will keep the iniative and it will
be very difficult for white to get rid of the last two "heavy pieces.'} 29. Kh2
{Weiss vermeidet die Unannehmlichkeiten auf der Diagonale a8-h1.} Qf5 30. Qe3 (
30. Rc7 Bd5 $17 {[%cal Gd5c4,Gc4e2]}) 30... Bd5 31. f3 {Hansen,SB: 'I think
white should delay this decision as long as possible black now has a clear
object of attack the g2-pawn!'} Bc4 32. Re1 Rd3 {[%csl Gc4,Gd3,Gf5] Das
Eindringen des Turmes ist chancenreich - Schwarz beschäftigt sich nicht mit
der Verteidigung des a6-Bauern.} 33. Qa7 {[%csl Ra6][%cal Ra7a6]} f6 (33... Qf6
$17) 34. Qxa6 Rd2 {[%csl Gd2,Rf3,Rg2,Rh2][%cal Rd2h2,Rd2b2,Rf5f3] Die Stellung
ist materiell gleich - es hängen f3 und b2. Weiss muss in ein schlechtes
Endspiel übergehen.} 35. Qa8+ (35. Qb7 Rxb2 $17) 35... Kh7 36. Qe4 {[%cal
Ge4h7]} Qxe4 37. Rxe4 (37. fxe4 Rxb2 $17) 37... Bf1 {[%csl Rg2][%cal Rd2h2,
Rd2b2]} 38. Kg1 (38. Rxe6 Rxg2+ $19) 38... Bxg2 (38... Rxg2+ $2 39. Kxf1 Rxg3
40. Kf2 Rg6 41. Rxe6 $16) 39. Rxe6 Bxf3 {[%cal Rd2g2,Rg2g3,Rg2g1] Hansen,SB:
'Black is winning now, which just proves the old story opposite bishops is not
drawish with other pieces around and the iniative is the most important
feature of the position - so sound advice is to attack! '} 40. Be1 (40. Bf2
Rxb2 $17) 40... Rxb2 {Schwarz hat schon zwei Bauern mehr und gute
Gewinnchancen. In diesem Fall - wenn es Türme gibt auf dem Brett - hilft die
Anwesenheit der ungleichfarbigen Läufer dem Angreifer.} 41. Re3 Bd5 42. Rd3 Bc4
43. Rd4 Kg6 $5 {[%cal Gg6f5]} 44. a4 {Weiss moechte so viel wie möglich
tauschen, aber diese Vereinfachung beschleunigt den Partieverlust.} {[#]} bxa4
$1 45. Rxc4 a3 {[%cal Ra3a2,Ra2a1]} 46. Ra4 (46. Bc3 Rc2 $19) 46... a2 47. Bc3
(47. Kf1 Rc2 48. Ra5 Kf7 49. Ra7+ Ke6 $19 {Weiss kann nur passiv warten,
während die Annäherung des schwarzen Königs die Partie entscheidet.}) 47... Rc2
48. Bd4 Rd2 49. Bc3 Rd3 $1 {[%csl Rc3] Hansen,SB: 'The bishop has no squares.'}
50. Bxf6 $8 (50. Bb2 Rd1+ 51. Kf2 Rd2+ $19) (50. Bd4 Rxd4 $19) (50. Ba1 Rd1+
$19) 50... Kxf6 51. Rxa2 Rd4 $19 {[%csl Rh4][%cal Rd4h4]} 52. Ra6+ Kf7 {
[%cal Gf7g8,Gg8h7] Der König geht nach h7, wonach Weiss kein Gegenspiel hat.} (
52... Kf5 53. Ra7) 53. Ra7+ Kg6 54. Ra6+ Kh7 {Hansen,SB: 'A model game by Curt
Hansen'} 0-1